Tale from the crypt : (Record no. 4195)

MARC details
000 -LEADER
fixed length control field 02004cam a22003377a 4500
001 - CONTROL NUMBER
control field 4195
003 - CONTROL NUMBER IDENTIFIER
control field FISKH
005 - DATE AND TIME OF LATEST TRANSACTION
control field 20240626151959.0
008 - FIXED-LENGTH DATA ELEMENTS--GENERAL INFORMATION
fixed length control field 091102s2008 nyua j 000 1 eng
010 ## - LIBRARY OF CONGRESS CONTROL NUMBER
LC control number 2009279571
020 ## - INTERNATIONAL STANDARD BOOK NUMBER
International Standard Book Number 9781597071055
020 ## - INTERNATIONAL STANDARD BOOK NUMBER
International Standard Book Number 9781597071048
020 ## - INTERNATIONAL STANDARD BOOK NUMBER
International Standard Book Number 1597071056
020 ## - INTERNATIONAL STANDARD BOOK NUMBER
International Standard Book Number 9781597071048 (pbk.)
020 ## - INTERNATIONAL STANDARD BOOK NUMBER
International Standard Book Number 1597071048 (pbk.)
040 ## - CATALOGING SOURCE
Original cataloging agency DLC
Transcribing agency DLC
Modifying agency DLC
Language of cataloging eng
050 ## - LIBRARY OF CONGRESS CALL NUMBER
Classification number PZ7
082 ## - DEWEY DECIMAL CLASSIFICATION NUMBER
Classification number 741.5
100 ## - MAIN ENTRY--PERSONAL NAME
Personal name Petrucha, Stefan
245 00 - TITLE STATEMENT
Title Tale from the crypt :
Remainder of title Crypt-keeping it real! /
Statement of responsibility, etc. Stefan Petrucha : writers ; Tim Smith : artists.
260 ## - PUBLICATION, DISTRIBUTION, ETC.
Place of publication, distribution, etc. New York :
Name of publisher, distributor, etc. Papercutz,
Date of publication, distribution, etc. 2008.
300 ## - PHYSICAL DESCRIPTION
Extent 85 unnumbered pages :
Other physical details color illustrations ;
Dimensions 19 cm
490 ## - SERIES STATEMENT
Series statement Tales from the crypt ;
Volume/sequential designation Book 4
505 0# - FORMATTED CONTENTS NOTE
Formatted contents note "You toomb" / Stefan Petrucha, writer ; Tim Smith 3, artist -- "The creditor" / Alex Simmons, writer ; Mort Todd, artist, letterer -- "Dumped" / Scott Lobdell, writer ; Facundo Velilla & Alejandro Cabral, artists ; John McCarthy, letterer -- "Roses bedight" / Stefan Petrucha, writer ; Jeziel Sanchez Martinez, artist ; Sean Taylor, letterer -- "Moonlight sonata" / Joe R. Lansdale & John L. Lansdale, writers ; Chris Noeth, artist ; Bryan Senka, letterer -- "Jumping the shark" / Arie Kaplan, writer ; Mr. Exes, artist ; Mark Lerer, letterer -- "A ripping good time" / Joe R. Landsdale & John L. Lansdale, writers ; James Romberger, artist ; Mark Lerer, letterer -- Ghoulunatic sequences / Jim Salicrup, writer ; Rick Parker, artist, title letterer, colorist ; John McCarthy, letterer -- Preview of "Ignoble rot" / Fred Van Lente, writer ; Mort Todd, artist, letterer.
520 ## - SUMMARY, ETC.
Summary, etc. Presents four horror stories in graphic novel format, including a tale about a reality television series producer who keeps pitching shows from beyond the grave.
650 ## - SUBJECT ADDED ENTRY--TOPICAL TERM
Topical term or geographic name entry element Graphic Novel
General subdivision Horror
700 1# - ADDED ENTRY--PERSONAL NAME
Personal name Smith, Tim,
Dates associated with a name 1974-
Relator term illustrator
906 ## - LOCAL DATA ELEMENT F, LDF (RLIN)
a 7
b cbc
c origres
d 4
e ncip
f 20
g y-gencatlg
942 ## - ADDED ENTRY ELEMENTS (KOHA)
Source of classification or shelving scheme Dewey Decimal Classification
Koha item type Books
Suppress in OPAC No
Holdings
Withdrawn status Lost status Source of classification or shelving scheme Damaged status Not for loan Collection Home library Current library Shelving location Date acquired Total Checkouts Full call number Barcode Date last seen Price effective from Koha item type
    Dewey Decimal Classification     Fiction Footprints International School Library Network Toul Kork Campus Footprints International School Library Network Toul Kork Campus A TK Campus, Comic Books (All Reading Levels), B401 Bookcase 1/2, Shelf 3 06/26/2024   PET 741.5 PZ7 FISTK01024 06/26/2024 06/26/2024 Books